000
002540000a22000970004500
100
1
_a
Ritchie, Bruce
245
1
0
_a
Theological logic
300
_a
Vol. 4, Num. 2 (1986), Páginas 109-122
773
0
_t
Scottish Bulletin of Evangelical Theology
942
_c
ANA
999
_c
55670
_d
55670